Ciencias penales./ (Registro nro. 8186)

Detalles MARC
000 -LEADER
fixed length control field 02360nam a2200229Ia 4500
005 - FECHA Y HORA DE LA ÚLTIMA TRANSACCIÓN
control field 20250715172925.0
008 - FIXED-LENGTH DATA ELEMENTS--GENERAL INFORMATION
fixed length control field 230508s9999 xx 000 0 und d
020 ## - INTERNATIONAL STANDARD BOOK NUMBER
International Standard Book Number 9992380913
040 ## - CATALOGING SOURCE
Original cataloging agency UPAN
Transcribing agency Biblioteca San Vicente
Description conventions RCAA2
041 ## - LANGUAGE CODE
Language code of text/sound track or separate title spa
082 ## - DEWEY DECIMAL CLASSIFICATION NUMBER
Classification number 345
Item number C592c
año de publicación 2001
100 ## - MAIN ENTRY--PERSONAL NAME
Personal name Larrauri Pijoan, Elena
Relator code aut.
245 #0 - TITLE STATEMENT
Title Ciencias penales./
Remainder of title Elena Larrauri Pijoan
250 ## - EDITION STATEMENT
Edition statement 1ª ed.
260 ## - PUBLICATION, DISTRIBUTION, ETC. (IMPRINT)
Place of publication, distribution, etc El Salvador:
Name of publisher, distributor, etc Escuela de Capacitaciones Judicial,
Date of publication, distribution, etc 2001
300 ## - PHYSICAL DESCRIPTION
Extent 520 p.:
Dimensions 23 cm.
505 ## - FORMATTED CONTENTS NOTE
Formatted contents note Ciencias penales. Monografías. Parte I.<br/>Capitulo 1. Nociones de criminología y política criminal.<br/>Capitulo 2. Teorías criminológicas.<br/>Capitulo 3. Propuestas para la prevención del delito.<br/>Capitulo 4. Propuestas referidas al sistema de penas.<br/><br/>Ciencias penales. Monografías. Parte II<br/>Capitulo 1. Teoría jurídica del delito.<br/>Capitulo 2. La tipicidad.<br/>Capitulo 3. La antijuricidad.<br/>Capitulo 4. La culpabilidad.<br/>Capitulo 5. La punibilidad.<br/>Capitulo 6. iter criminis.<br/>Capitulo 7. Autoría y participación.<br/>Capitulo 8. Pluralidad de infracciones.<br/>Capitulo 9. Circunstancias modificativas de responsabilidad criminal.<br/><br/>Segunda Parte: Reglas de determinación de la pena.<br/>- La determinación de la pena.<br/><br/>Ciencias penales. Monografías. Parte III.<br/>Capitulo 1. Consecuencias jurídicas del delito.<br/>Capitulo 2. La pena de muerte.<br/>Capitulo 3. Las penas privativas de libertad.<br/>Capitulo 4. El derecho penitenciario.<br/>Capitulo 6. Las penas privativas de derechos.<br/>Capitulo 7. La determinación de la pena.<br/>Capitulo 8. Las medidas de seguridad.<br/>Capitulo 9. La responsabilidad civil.<br/><br/>Ciencias penales. Monografías. Parte IV. <br/>Capitulo 1. Técnicas en la investigación del delito.<br/>Capitulo 2. El indicio.<br/>Capitulo 3. Los peritos.<br/>Capitulo 4. La inspección ocular.<br/>Capitulo 5. La fijación de la escena del delito.<br/>Capitulo 6. Identificación personal.<br/>Capitulo 7. Lofoscopia y dactiloscopia.<br/>Capitulo 8. La balística.<br/>Capitulo 9. Documentoscopia.<br/>Capitulo 10. La investigación de incendios.<br/>Capitulo 11. Acústica forense.
520 ## - SUMMARY, ETC.
Summary, etc Fundamentos de política criminal--Teoria Juridica del delito--Consecuencias juridicas del delito--Técnicas en la investigación del delito
650 ## - SUBJECT ADDED ENTRY--TOPICAL TERM
Source of heading or term LEMB
Topical term or geographic name as entry element Investigacion criminal
9 (RLIN) 3
700 ## - ADDED ENTRY--PERSONAL NAME
Personal name Terradillos Basoco, Juan María
Relator code col.
942 ## - ADDED ENTRY ELEMENTS (KOHA)
Koha item type Libros
Source of classification or shelving scheme Dewey Decimal Classification
Existencias
Withdrawn status Lost status Source of classification or shelving scheme Damaged status Not for loan Collection code Home library Current library Date acquired Total Checkouts Full call number Barcode Date last seen Copy number Price effective from Koha item type
    Dewey Decimal Classification     Colección General Biblioteca UPAN San Vicente Biblioteca UPAN San Vicente 08/05/2023   345 C592c 12000707 08/05/2023 01 08/05/2023 Libros
    Dewey Decimal Classification     Colección General Biblioteca UPAN San Vicente Biblioteca UPAN San Vicente 08/05/2023   345 C592c 12000708 19/05/2023 2 08/05/2023 Libros